| 000 | 00926nam a2200301 a 4500 | ||
|---|---|---|---|
| 001 | 77254 | ||
| 003 | BD-RjUL | ||
| 005 | 20211209082942.0 | ||
| 008 | 200308s1974 enk b 001 0 eng | ||
| 020 |
_a0333154657 : _c£2.95. _a0333154667 |
||
| 035 | _a(BD-RjUL)77479 | ||
| 040 |
_aDLC _cDLC _dDLC _dBD-RjUL _beng |
||
| 041 | _aeng | ||
| 082 | 0 | 0 |
_223 _a821.09 _bMET 1982 |
| 245 | 1 | 4 |
_aThe metaphysical poets : _ba casebook / _cedited by Gerald Hammond. |
| 260 |
_aLondon : _bMacmillan, _c1974, [reprinted 1982] |
||
| 300 |
_a254 p. ; _c21 cm. |
||
| 490 | 0 | _aCasebook Series | |
| 500 | _aIncludes index. | ||
| 504 | _aBibliography : p. [243]-245. | ||
| 650 | 0 |
_aEnglish poetry _yEarly modern, 1500-1700 _xHistory and criticism. _9240508 |
|
| 650 | 0 |
_aMetaphysics in literature. _9240509 |
|
| 700 |
_aHammond, Gerald, _9240511 |
||
| 942 |
_2ddc _cBK |
||
| 999 |
_c77254 _d77254 |
||